| 000 -LEADER |
| fixed length control field |
00837nam a22001457a 4500 |
| 003 - CONTROL NUMBER IDENTIFIER |
| control field |
OSt |
| 005 - DATE AND TIME OF LATEST TRANSACTION |
| control field |
20151006090228.0 |
| 008 - FIXED-LENGTH DATA ELEMENTS--GENERAL INFORMATION |
| fixed length control field |
151006b xxu||||| |||| 00| 0 eng d |
| 040 ## - CATALOGING SOURCE |
| Transcribing agency |
RUA |
| 082 ## - DEWEY DECIMAL CLASSIFICATION NUMBER |
| Classification number |
AVM SOK 1996 B070 Or.1 |
| 245 ## - TITLE STATEMENT |
| Title |
Survey on the control of movement of animal and products originated fro animal in and out of the country through poi pen border check -point in banteay meanchey province, ការសង្គេតស្តីពីការត្រួតពិនិត្យចលនាសត្វ និងផលិតផលដែលមានដើមកំណើតពីសត្វ ចេញ-ចូលតាមច្រកព្រំដែនប៉ោយប៉ែតខេត្តបន្ទាយមានជ័យ. |
| 260 ## - PUBLICATION, DISTRIBUTION, ETC. (IMPRINT) |
| Place of publication, distribution, etc. |
phnomm phen |
| Name of publisher, distributor, etc. |
RUA |
| Date of publication, distribution, etc. |
1996 |
| 300 ## - PHYSICAL DESCRIPTION |
| Extent |
64p. |
| Other physical details |
ill. |
| Dimensions |
29cm. |
| 942 ## - ADDED ENTRY ELEMENTS (KOHA) |
| Source of classification or shelving scheme |
|
| Koha item type |
AVM |